Vybrané kapitoly z obchodnej prevádzky
Enregistré dans:
| Collectivité auteur: | |
|---|---|
| Autres auteurs: | |
| Format: | Livre |
| Langue: | slovaque |
| Publié: |
Bratislava
Vydavateľstvo EKONÓM
2014
|
| Édition: | 1. vyd. |
| Tags: |
Pas de tags, Soyez le premier à ajouter un tag!
|
MARC
| LEADER | 00000nam a2200000 4500 | ||
|---|---|---|---|
| 001 | 0194476 | ||
| 005 | 20240822101656.6 | ||
| 020 | |a 978-80-225-3943-2 | ||
| 041 | 0 | |a slo | |
| 044 | |a SK | ||
| 245 | 1 | 0 | |a Vybrané kapitoly z obchodnej prevádzky |c zostavil Pavol Kita |
| 250 | |a 1. vyd. | ||
| 264 | 1 | |a Bratislava |b Vydavateľstvo EKONÓM |c 2014 | |
| 300 | |a 324 s. [20,81 AH] | ||
| 700 | 1 | |a Kita, Pavol | |
| 710 | 2 | |a Ekonomická univerzita v Bratislave. Obchodná fakulta | |